000 00262nam a22001217a 4500
008 170306b xxu||||| |||| 00| 0 eng d
041 _aeng
080 _27 ED
_a611
100 _a6
101 _aSHM
245 _aPRIMARY ANATOMY
_cBASMAJLAN.J.V
942 _2udc
_cBK
999 _c6926
_d6926